000 00638nab a2200181 4500
001 244442
003 OSt
005 20241205084131.0
007 tu
008 200917s2020|||||||
040 _aDE-2950
_cDE-2950
245 0 0 _aGrünes Licht für die Gedenkstätte
_bKosten. Der Ausbau des Erinnerungsortes in der Collegienstraße stand auf der Kippe. Jetzt hat der OB mit politischer Rückendeckung den ersten Auftrag ausgelöst/
_cThomas Gutke
264 _c2024
653 _aFrankfurt (Oder)
653 _aGedenkstätte
773 0 _g35. Jahrgang (2024) Nr. 277 vom 27.11.2024, S. 13 mit Foto
_tMärkische Oderzeitung
942 _2z
_cA
999 _c373486
_d373486